000 00371nam a22001337a 4500
020 _a9787508537429
082 _a895.14508
100 _a Li, Chaoquan
245 _aMu Mengjie and his school for the blind
_c Li, Chaoquan
260 _aChina
_bIntercontinental Press
_c2019
300 _a193p
942 _2ddc
_cBK
999 _c586582
_d586582